Regions of the European Union on a Map - Statistics

General Stats
  • This quiz has been taken 4,146 times
    4,009 since last reset
  • The average score is 100 of 395
Answers on the Map
Answers color-coded by a green-red scale on the quiz's map according to % correct below.
 
Answer Stats
Regions % Correct
Bavaria
84%
Berlin
83%
Catalonia
83%
Sicily
83%
Sardinia
80%
Corsica
79%
Madrid
78%
Brittany
76%
Hamburg
75%
Normandy
73%
Vienna
72%
Crete
71%
Andalusia
70%
Northern
70%
Tuscany
70%
Prague
69%
Saxony
69%
Southern
69%
Lisbon
68%
Galicia
66%
Valencia
66%
Bremen
65%
Île-de-France
65%
Stockholm
65%
Brandenburg
63%
Budapest
63%
Lombardy
63%
Brussels
62%
Canary Islands
62%
Luxembourg
62%
Porto
62%
Aragon
61%
Baden-Württemberg
61%
Bucharest
61%
Mecklenburg-Vorpommern
60%
Provence-Alpes-Côte d'Azur
59%
Sofia
59%
Balearic Islands
58%
Lower Saxony
58%
Saarland
58%
Schleswig-Holstein
58%
Zagreb
58%
Zagreb County
58%
Zealand
58%
Capital Region
57%
Lazio
57%
North Rhine-Westphalia
57%
Rhineland-Palatinate
56%
Veneto
56%
Azores
55%
Hesse
55%
Murcia
55%
Piedmont
55%
Zeeland
55%
Vilnius
54%
Emilia-Romagna
53%
Trentino-Alto Adige
53%
Tyrol
52%
Basque Country
51%
Liguria
51%
Navarre
51%
Bratislava
50%
Calabria
50%
Madeira
50%
Saxony-Anhalt
50%
Split-Dalmatia
50%
Thuringia
50%
Lapland
49%
Moravian-Silesian
49%
Asturias
48%
Central
48%
Extremadura
48%
Salzburg
48%
Antwerp
47%
Aosta Valley
47%
Bourgogne-Franche-Comté
47%
Grand Est
47%
Nicosia
47%
Nouvelle-Aquitaine
47%
Occitanie
47%
Silesia
47%
Pays de la Loire
45%
Apulia
44%
Auvergne-Rhône-Alpes
44%
North Holland
44%
Umbria
44%
Campania
43%
Friesland
43%
South Holland
43%
Centre-Val de Loire
42%
Kuyavia-Pomerania
42%
Pomerania
42%
Cantabria
41%
Lower Austria
41%
Utrecht
41%
Castile-La Mancha
40%
Gotland
40%
Liège
40%
Upper Austria
40%
Faro
39%
Abruzzo
38%
East Macedonia and Thrace
38%
Friuli Venezia Giulia
38%
Hauts-de-France
38%
La Rioja
38%
Åland
37%
North Brabant
37%
Ulster
37%
Dubrovnik-Neretva
36%
Flemish Brabant
36%
Munster
36%
Varna
36%
Cluj
35%
Groningen
35%
Limburg
35%
Marche
35%
Kaunas
34%
Łódź
34%
Attica
33%
Basilicata
33%
Castile and León
33%
Styria
33%
Braga
32%
Molise
32%
North Denmark
32%
Peloponnese
31%
Carinthia
30%
Istria
30%
Lublin
30%
Burgenland
29%
Gozo
29%
Greater Poland
29%
Plovdiv
29%
Constanța
28%
Epirus
28%
Leinster
28%
Timiș
28%
Uppsala
28%
Vorarlberg
28%
Coimbra
27%
Košice
27%
Lesser Poland
27%
Masovia
27%
Namur
27%
Plzeň
27%
Vas
27%
West Flanders
27%
Central Denmark
26%
Central Macedonia
26%
East Flanders
26%
Flevoland
26%
West Macedonia
26%
Burgas
25%
Lower Silesia
25%
Skåne
25%
West Pomerania
25%
Ionian Islands
24%
Klaipėda
24%
South Eastern
24%
Southern Denmark
24%
Zadar
24%
Gelderland
23%
Iași
23%
Overijssel
23%
Connacht
22%
Drenthe
22%
Limassol
22%
Opole
22%
Tartu
22%
Thessaly
22%
Brașov
21%
Central Greece
20%
Hainaut
20%
Holy Cross Province
20%
North Aegean
20%
Setúbal
20%
South Aegean
20%
Warmia-Masuria
20%
Győr-Moson-Sopron
19%
West Greece
19%
Esch-sur-Alzette
18%
Kalmar
18%
Lubusz
18%
Saare
18%
Subcarpathia
18%
Walloon Brabant
18%
Aveiro
17%
Bragança
17%
North Karelia
17%
Podlaskie
17%
South Karelia
17%
Évora
16%
Larnaca
16%
Liberec
16%
Norrbotten
16%
Olomouc
16%
Ostrobothnia
16%
Beja
15%
Jönköping
15%
Karlovy Vary
15%
Mount Athos
15%
Nitra
15%
Örebro
15%
Osijek-Baranja
15%
Pärnu
15%
Pest
15%
Uusimaa
15%
Vidzeme
15%
Arad
14%
Central Finland
14%
Leiria
14%
Paphos
14%
Prešov
14%
Västerbotten
14%
Vila Real
14%
Žilina
14%
Castelo Branco
13%
Famagusta
13%
Galați
13%
Halland
13%
Jämtland
13%
Kurzeme
13%
North Ostrobothnia
13%
Ruse
13%
Santarém
13%
Šiauliai
13%
Sibiu
13%
South Ostrobothnia
13%
Trnava
13%
Viseu
13%
Banská Bystrica
12%
Blekinge
12%
Central Bohemian
12%
Central Ostrobothnia
12%
Dalarna
12%
North Savo
12%
Satu Mare
12%
South Savo
12%
Southwest Finland
12%
Trenčín
12%
Ústí nad Labem
12%
Värmland
12%
Viana do Castelo
12%
Zlín
12%
Alba
11%
Diekirch
11%
Guarda
11%
Hiiu
11%
Hradec Králové
11%
Kainuu
11%
Östergötland
11%
Pardubice
11%
Portalegre
11%
South Bohemian
11%
Västra Götaland
11%
Bacău
10%
Clervaux
10%
Gävleborg
10%
Kanta-Häme
10%
Latgale
10%
Pirkanmaa
10%
Satakunta
10%
Södermanland
10%
South Moravian
10%
Stara Zagora
10%
Brăila
9%
Harju
9%
Ida-Viru
9%
Karlovac
9%
Kronoberg
9%
Kymenlaakso
9%
Lääne-Viru
9%
Maramureș
9%
Montana
9%
Mureș
9%
Päijät-Häme
9%
Panevėžys
9%
Pleven
9%
Tulcea
9%
Västmanland
9%
Vysočina
9%
Alytus
8%
Buzău
8%
Capellen
8%
Dobrich
8%
Echternach
8%
Grevenmacher
8%
Lääne
8%
Marijampolė
8%
Olt
8%
Suceava
8%
Västernorrland
8%
Vianden
8%
Vidin
8%
Vukovar-Srijem
8%
Wiltz
8%
Zala
8%
Zemgale
8%
Argeș
7%
Bács-Kiskun
7%
Baranya
7%
Békés
7%
Bihor
7%
Botoșani
7%
Dolj
7%
Fejér
7%
Giurgiu
7%
Hajdú-Bihar
7%
Haskovo
7%
Ilfov
7%
Järva
7%
Jász-Nagykun-Szolnok
7%
Komárom-Esztergom
7%
Lika-Senj
7%
Mersch
7%
Põlva
7%
Razgrad
7%
Redange
7%
Remich
7%
Shumen
7%
Sliven
7%
Utena
7%
Vâlcea
7%
Valga
7%
Varaždin
7%
Veliko Tarnovo
7%
Veszprém
7%
Viljandi
7%
Võru
7%
Vrancea
7%
Blagoevgrad
6%
Borsod-Abaúj-Zemplén
6%
Brod-Posavina
6%
Călărași
6%
Caraș-Severin
6%
Central Slovenia
6%
Csongrád
6%
Gorj
6%
Harghita
6%
Heves
6%
Hunedoara
6%
Jõgeva
6%
Kyrenia
6%
Neamț
6%
Nógrád
6%
Pernik
6%
Prahova
6%
Rapla
6%
Silistra
6%
Sisak-Moslavina
6%
Somogy
6%
Szabolcs-Szatmár-Bereg
6%
Tauragė
6%
Teleorman
6%
Telšiai
6%
Tolna
6%
Vaslui
6%
Bistrița-Năsăud
5%
Coastal-Karst
5%
Covasna
5%
Dâmbovița
5%
Gorizia
5%
Ialomița
5%
Littoral–Inner Carniola
5%
Lovech
5%
Međimurje
5%
Mehedinți
5%
Mura
5%
Primorje-Gorski Kotar
5%
Sălaj
5%
Selija
5%
Sofia Province
5%
Southeast Slovenia
5%
Vratsa
5%
Yambol
5%
Central Sava
4%
Drava
4%
Gabrovo
4%
Kardzhali
4%
Koprivnica-Križevci
4%
Krapina-Zagorje
4%
Kyustendil
4%
Lower Sava
4%
Pazardzhik
4%
Požega-Slavonia
4%
Šibenik-Knin
4%
Smolyan
4%
Targovishte
4%
Upper Carniola
4%
Virovitica-Podravina
4%
Bjelovar-Bilogora
3%
Savinja
3%
No matching quizzes found
Score Distribution
Percent of People with Each Score
Percentile by Number Answered
Your Score History
You have not taken this quiz since the last reset